Tribhuvan University Central Library
Normal view MARC view
  • Family education

Entry Topical Term

Number of records used in: 7

001 - CONTROL NUMBER

  • control field: 14671

003 - CONTROL NUMBER IDENTIFIER

  • control field: OSt

005 - DATE AND TIME OF LATEST TRANSACTION

  • control field: 20110206170814.0

008 - FIXED-LENGTH DATA ELEMENTS

  • fixed length control field: 110206|||a|||||| | ||| d

040 ## - CATALOGING SOURCE

  • Original cataloging agency: OSt
  • Transcribing agency: OSt

150 ## - HEADING--TOPICAL TERM

  • Topical term or geographic name as entry element: Family education

670 ## - SOURCE DATA FOUND

  • Source citation: Work cat.: (OSt): Koller, Marvin R 14670, Families :, 1974

670 ## - SOURCE DATA FOUND

  • Source citation: Work cat.: (OSt): Koller, Marvin R 14670, Families :, 1974